| 000 | 00982nas a2200289 4500 | ||
|---|---|---|---|
| 001 | BR2013000335 | ||
| 003 | BR-BrBNA | ||
| 005 | 20231205121801.0 | ||
| 007 | ta | ||
| 008 | 230509b bl.|||p| |||| 00| 00por d | ||
| 040 |
_aBR-BrBNA _bpor _cBiblioteca Nacional de Agricultura |
||
| 041 | _a(En) | ||
| 072 | _aF62; F30 | ||
| 100 | 1 | _aLopes, M.M. de A. | |
| 100 | 1 | _aMiranda, M.R.A. de | |
| 100 | 1 | _aMoura, C.F.H. | |
| 100 | 1 | _aEnéas Filho, J. | |
| 245 | 1 | _aBioactive compounds and total antioxidant capacity of cashew apples (Anacardium occidentale L.)during the ripening of early dwarf cashew clones | |
| 650 | _aCAJU | ||
| 650 | _aMATURAÇÃO | ||
| 650 | _aCLONE | ||
| 650 | _aANTIOXIDANTE | ||
| 773 | 0 |
_tCiência e Agrotecnologia (Brazil) _xISSN 1413-7054 _g(May-Jun 2012), v.36(3) p. 325-332 _wBR2013000335 |
|
| 856 | 4 | 0 | _uhttp://www.cloud.editora.ufla.br/revistas/cienagro/pdf/36-3-2012_08.pdf |
| 909 |
_a202311 _bLúcia _c55 _dLúcia Elande |
||
| 942 |
_2AGRIS _n0 _cANA |
||
| 999 |
_c225229 _d225229 |
||